00751nam a2200193 a 450000100100000000500170001000800410002704000250006808200150009310000390010824501240014726000360027130000310030770000330033870000470037104900090041895201130042799900170054000002629520250204092151.0110310s1990 dr c 000 0 spa d aDO-SdBNPbspacBNPHU axxxbL586h1 aLeonte Vásquez, Francisco95332313aEl horacismo histórico /cFrancisco Leonte Vásquez ; presentación Milton Messina ; recopilador Julio Jaime Julia. aSanto Domingo :bTaller,c1990. a165 p. :bretrs. ;c23 cm.1 aMessina, Mitonepres.9533241 aJulia, Julio Jaimed1922-1993erec.920185 aBNPD 0010718PDaPDbPDcCTd2011-03-10iLF1l0oxxx L586hp26295-10r2020-06-25w2020-06-25yLFPDZNo se presta c25787d25787